• 首页
  • 本馆介绍
  • 公告通知
  • 最新文献
  • 馆藏检索
  • 电子资源
  • 读者导购
  • 参考咨询
  • 我的图书馆
  • 登录
  • 详细信息显示
  • 放入我的书架
  • 预约/预借图书
  • 作者相关作品
  • 分类相关作品
  • 丛书相关作品
  • 出版社相关作品

书目信息

  • 表格格式
  • 工作单格式
  • 卡片格式
题名:
真实的梦幻
    
 
作者: 裴蓉 编著
分册:  
出版信息: 北京   中国城市出版社  1999.7
页数: 415页
开本: 32开
丛书名:
单 册:
中图分类: V11-49
科图分类:
主题词: 航空--发展 , 航天--发展 , 空间探索
电子资源:
ISBN: 7-5074-1140-0
000 00707nam0 2200229 45
001 0103020854
005 20031219104048.9
010    @a7-5074-1140-0@dCNY22.50
100    @a20010302d1999 km y0chiy0120 ea
101 0  @achi
105    @a z 000yy
200 1  @a真实的梦幻@AZhen Shi De Meng Huan@e破解另类生命的秘密@EPo Jie Ling Lei Sheng Ming De Mi Mi@f裴蓉编著@FPei Rong Bian Zhu
210    @a北京@c中国城市出版社@d1999.7
215    @a415页@d32开
517    @a破解另类生命的秘密@APo Jie Ling Lei Sheng Ming De Mi Mi
606 0  @a航空@x发展
606 0  @a航天@x发展
606 0  @a空间探索
690    @aV11-49@v1
701  0 @a裴蓉@4编著
801    @aCN@bTSTC@c20010302
905    @b295273@dV11-49@e12@f1
    
    真实的梦幻:破解另类生命的秘密/裴蓉编著.-北京:中国城市出版社,1999.7
    415页;32开
    
    
    ISBN 7-5074-1140-0:CNY22.50
    
●
相关链接 在E读中查询图书 在五车中查询图书 在当当中查询图书 在豆瓣中查询图书


正题名:真实的梦幻     索取号:V11-49/12         预约/预借

序号 登录号 条形码 馆藏地/架位号 状态 备注
1 0295273   002952736   第二样本阅览室/ [索取号:V11-49/12] 在馆    
唐山师范学院图书馆 欢迎您!
大连网信软件有限公司© 版权所有